[Event "MTO"]
[Site "?"]
[Date "2021.??.??"]
[Round "2.102"]
[White "Eljanov Pavel"]
[Black "Korpa Bence"]
[Result "1-0"]
[WhiteElo "2671"]
[BlackElo "2536"]
[PlyCount "127"]
[EventDate "2021.??.??"]
[WhiteTeam "Ukraine"]
[BlackTeam "Ungarn"]
[WhiteTeamCountry "UKR"]
[BlackTeamCountry "HUN"]

1. Nf3 d5 2. g3 Nf6 3. Bg2 e6 4. O-O Be7 5. c4 O-O 6. Ne5 b6 7. cxd5 exd5 8. d4
Bb7 9. Nc3 Na6 10. Bf4 c5 11. e3 Ne4 12. h4 cxd4 13. exd4 Nc7 14. Qb3 Ne6 15.
Be3 Nxc3 16. bxc3 Nc7 17. a4 f6 18. Nd3 Ba6 19. Qb1 Bd6 20. Re1 Qd7 21. Nf4 Bc4
22. Bh3 f5 23. Bd2 Qf7 24. Ng2 Rae8 25. Bf4 Rxe1+ 26. Qxe1 Bxf4 27. Nxf4 Re8
28. Qd2 g6 29. Bg2 Qe7 30. Bf3 Kg7 31. a5 b5 32. Ng2 Qd6 33. h5 a6 34. Ne3 f4
35. Nxc4 bxc4 36. Kg2 g5 37. Rb1 Nb5 38. h6+ Kxh6 39. Rh1+ Kg7 40. gxf4 g4 41.
Bxg4 Qg6 42. Rh3 Nd6 43. Rg3 Ne4 44. f5 Nxd2 45. fxg6 hxg6 46. Bf5 g5 47. Bd7
Rd8 48. Rxg5+ Kf6 49. Rxd5 Rg8+ 50. Kh3 Ne4 51. Rf5+ Kg6 52. Rf4 Rh8+ 53. Kg2
Nxc3 54. Be6 Kg5 55. Rg4+ Kf6 56. Bxc4 Rh5 57. Rf4+ Ke7 58. Rf3 Nb1 59. Re3+
Kd7 60. Re5 Rh6 61. d5 Rg6+ 62. Kh3 Nd2 63. Re6 Rg5 64. f4 1-0

[Event "MTO"]
[Site "?"]
[Date "2021.??.??"]
[Round "2.103"]
[White "Sethuraman S.P."]
[Black "Valsecchi Alessio"]
[Result "0-1"]
[WhiteElo "2644"]
[BlackElo "2527"]
[PlyCount "132"]
[EventDate "2021.??.??"]
[WhiteTeam "Indien"]
[BlackTeam "Italien"]
[WhiteTeamCountry "IND"]
[BlackTeamCountry "ITA"]

1. e4 e6 2. d4 d5 3. Nc3 Nf6 4. e5 Nfd7 5. Nce2 c5 6. c3 Nc6 7. Nf3 a5 8. h4 a4
9. a3 cxd4 10. cxd4 Nb6 11. Nc3 Bd7 12. Bd3 Na5 13. Rb1 h6 14. O-O Be7 15. h5
Nac4 16. Ne1 Qc7 17. Bc2 Ra6 18. Qg4 Kf8 19. Ne2 Nc8 20. f4 f5 21. exf6 Bxf6
22. Nd3 e5 23. f5 exd4 24. Nb4 Qc5 25. Kh1 Ne7 26. Nf4 Ne5 27. Qh3 Rb6 28. Bd2
Rxb4 29. Bxb4 Qxc2 30. Nxd5 Qb3 31. Qxb3 axb3 32. Rbe1 N5c6 33. Nxe7 Nxe7 34.
Rf4 Kf7 35. Rxd4 Bc6 36. Rd3 Nxf5 37. Rxb3 Rd8 38. Rf1 Nd4 39. Rg3 Rd5 40. Rh3
Rg5 41. Rf2 Ke6 42. Bc3 Nf5 43. Bxf6 gxf6 44. Kg1 Ng3 45. Kh2 Ne4 46. Re2 f5
47. b4 Ke5 48. Rb2 f4 49. b5 Bd7 50. Rh4 Ng3 51. a4 Nf5 52. Rh3 Ne3 53. Rh4 Bf5
54. a5 Be4 55. a6 bxa6 56. bxa6 Bxg2 57. Rf2 Bd5 58. Rhxf4 Rxh5+ 59. Kg3 Nf5+
60. Rxf5+ Rxf5 61. Re2+ Kf6 62. Re3 Rg5+ 63. Kh4 Rg2 64. Ra3 Rh2+ 65. Kg4 Ra2
66. Rg3 Be6+ 0-1

[Event "MTO"]
[Site "?"]
[Date "2021.??.??"]
[Round "2.104"]
[White "Sadhwani Raunak"]
[Black "Chithambaram Aravindh"]
[Result "0-1"]
[WhiteElo "2555"]
[BlackElo "2641"]
[PlyCount "102"]
[EventDate "2021.??.??"]
[WhiteTeam "Indien"]
[BlackTeam "Indien"]
[WhiteTeamCountry "IND"]
[BlackTeamCountry "IND"]

1. e4 e5 2. Nf3 Nc6 3. Bc4 Nf6 4. d3 Bc5 5. c3 d6 6. O-O Bb6 7. a4 a6 8. b4 O-O
9. h3 Ne7 10. Nbd2 Ng6 11. Bb3 c6 12. Re1 Re8 13. a5 Bc7 14. c4 h6 15. Nf1 d5
16. Ng3 Be6 17. Be3 Bd6 18. Bb6 Bc7 19. Be3 Bd6 20. Bb6 Qb8 21. exd5 cxd5 22.
c5 Bf8 23. Ba4 Bd7 24. Bxd7 Nxd7 25. Qb3 Nf6 26. Ra2 Nf4 27. Ne2 Nxd3 28. Qxd3
e4 29. Qb3 exf3 30. Qxf3 Re4 31. Rb1 Qe5 32. Rab2 Re8 33. Ng3 Re1+ 34. Nf1 d4
35. Rxe1 Qxe1 36. Qd3 Nd5 37. Rb1 Qc3 38. Rd1 Nf4 39. Qd2 g5 40. Ng3 Bg7 41. f3
Qxd2 42. Rxd2 d3 43. Kf1 Bc3 44. Rd1 f5 45. c6 d2 46. Bf2 bxc6 47. Nxf5 Nd5 48.
Nd4 Bxb4 49. Nb3 Rd8 50. Nd4 c5 51. Nc6 Nc3 0-1

[Event "MTO"]
[Site "?"]
[Date "2021.??.??"]
[Round "2.105"]
[White "Banusz Tamas"]
[Black "NR Visakh"]
[Result "1-0"]
[WhiteElo "2631"]
[BlackElo "2516"]
[PlyCount "111"]
[EventDate "2021.??.??"]
[WhiteTeam "Ungarn"]
[BlackTeam "Indien"]
[WhiteTeamCountry "HUN"]
[BlackTeamCountry "IND"]

1. Nf3 d5 2. g3 Nd7 3. d4 Nb6 4. Nc3 Bf5 5. a4 a5 6. Nh4 e6 7. Nxf5 exf5 8. Qd3
g6 9. Bg2 c6 10. O-O Nf6 11. Bg5 Be7 12. Bxf6 Bxf6 13. e3 O-O 14. b3 Bg5 15.
Ne2 Nd7 16. c4 Nf6 17. Nc3 dxc4 18. bxc4 Re8 19. Rab1 Qe7 20. Rb3 Rad8 21. Rfb1
Rd7 22. R1b2 Rc8 23. Ne2 Ra8 24. Bf3 h5 25. h4 Bh6 26. c5 Ne8 27. Qc4 Ra7 28.
Kg2 Kh7 29. Nc1 Bg7 30. Nd3 Bf6 31. Rb1 Bg7 32. Rb6 Rc7 33. Qb3 Nf6 34. Ne5 Nd7
35. Nc4 f4 36. gxf4 Ra8 37. Rxb7 Rxb7 38. Qxb7 Rb8 39. Qxd7 Qxd7 40. Rxb8 Bf6
41. Nxa5 Qa7 42. Nxc6 Qxa4 43. Nb4 Bxh4 44. c6 Qa5 45. Rb7 Bd8 46. Nd5 Qa2 47.
Nc3 Qc4 48. Ne4 h4 49. Rd7 Ba5 50. Rxf7+ Kh8 51. Ra7 Bb6 52. Rb7 Qxc6 53. Ng5
Qb5 54. d5 Qa5 55. d6 h3+ 56. Kxh3 1-0

[Event "MTO"]
[Site "?"]
[Date "2021.??.??"]
[Round "2.106"]
[White "Tang Andrew"]
[Black "Chigaev Maksim"]
[Result "1/2-1/2"]
[WhiteElo "2525"]
[BlackElo "2630"]
[PlyCount "64"]
[EventDate "2021.??.??"]
[WhiteTeam "Vereinigte Staaten"]
[BlackTeam "Russland"]
[WhiteTeamCountry "USA"]
[BlackTeamCountry "RUS"]

1. d4 Nf6 2. Nf3 g6 3. Nbd2 Bg7 4. e4 O-O 5. e5 Nh5 6. g4 Nf4 7. Ne4 d5 8. Ng3
Ne6 9. Nf5 c5 10. Nxg7 Kxg7 11. h4 f6 12. h5 g5 13. Bg2 cxd4 14. Nxd4 Nxd4 15.
Qxd4 Nc6 16. exf6+ exf6 17. h6+ Kh8 18. Qxd5 Bxg4 19. Be3 Qxd5 20. Bxd5 Rad8
21. Bxc6 bxc6 22. O-O a6 23. f4 Kg8 24. fxg5 fxg5 25. Bxg5 Rxf1+ 26. Rxf1 Rd1
27. c4 Rxf1+ 28. Kxf1 Kf7 29. Ke1 Ke8 30. Kd2 Kd7 31. Kc3 Kc7 32. Kb4 Kb7
1/2-1/2

[Event "MTO"]
[Site "?"]
[Date "2021.??.??"]
[Round "2.107"]
[White "Ganguly Surya Shekhar"]
[Black "Budisavljevic Luka"]
[Result "1-0"]
[WhiteElo "2625"]
[BlackElo "2509"]
[PlyCount "55"]
[EventDate "2021.??.??"]
[WhiteTeam "Indien"]
[BlackTeam "Serbien"]
[WhiteTeamCountry "IND"]
[BlackTeamCountry "SRB"]

1. e4 c5 2. Nf3 a6 3. Nc3 e6 4. Be2 b5 5. O-O Bb7 6. d4 cxd4 7. Qxd4 Nc6 8. Qe3
d6 9. Rd1 Qc7 10. b4 Be7 11. a4 Nxb4 12. Nd4 bxa4 13. Rxa4 Nc6 14. Rc4 Qd7 15.
Nxc6 Bxc6 16. Qb6 Rc8 17. Qxa6 Bb7 18. Qb6 Rxc4 19. Bxc4 Bc6 20. Bb5 Bxb5 21.
Nxb5 Qd8 22. Nxd6+ Bxd6 23. Rxd6 Qxb6 24. Rxb6 f6 25. Ba3 g6 26. Rb8+ Kf7 27.
c4 Kg7 28. Rb7+ 1-0

[Event "MTO"]
[Site "?"]
[Date "2021.??.??"]
[Round "2.108"]
[White "Shchekachev Andrei"]
[Black "Narayanan S.L."]
[Result "0-1"]
[WhiteElo "2515"]
[BlackElo "2624"]
[PlyCount "110"]
[EventDate "2021.??.??"]
[WhiteTeam "Frankreich"]
[BlackTeam "Indien"]
[WhiteTeamCountry "FRA"]
[BlackTeamCountry "IND"]

1. Nf3 d5 2. e3 c5 3. h3 Nf6 4. b3 g6 5. Bb2 Bg7 6. g3 O-O 7. Bg2 Nc6 8. Ne5
Nxe5 9. Bxe5 Be6 10. d3 Qd7 11. Nd2 Rac8 12. Qe2 Rfd8 13. f4 c4 14. Nf3 Nh5 15.
Kf2 Bxe5 16. Nxe5 Qc7 17. bxc4 dxc4 18. d4 Nf6 19. c3 Nd5 20. Rhc1 f6 21. Nf3
b5 22. e4 Nb6 23. Rab1 a6 24. Qe3 Bf7 25. h4 Rb8 26. g4 e5 27. fxe5 Nd7 28.
exf6 Nxf6 29. Bh3 Re8 30. Ne5 Rxe5 31. dxe5 Qxe5 32. Kg1 Nd5 33. Qf3 Rf8 34.
Rf1 Nxc3 35. Ra1 b4 36. Bg2 a5 37. Kh1 a4 38. a3 b3 39. Rac1 Na2 40. Rxc4 b2
41. Rc8 Rxc8 42. Qxf7+ Kh8 43. Qxa2 Rc1 44. Qf7 h6 45. h5 gxh5 46. g5 hxg5 47.
Qxh5+ Kg7 48. Qf7+ Kh6 49. Qf8+ Qg7 50. Qd6+ Kh7 51. Qb8 b1=Q 52. Qxb1 Rxb1 53.
Rxb1 Qc3 54. e5 Qxe5 55. Rf1 g4 0-1

[Event "MTO"]
[Site "?"]
[Date "2021.??.??"]
[Round "2.109"]
[White "Kalyan Arjun"]
[Black "R Praggnanandhaa"]
[Result "1/2-1/2"]
[WhiteElo "2503"]
[BlackElo "2608"]
[PlyCount "117"]
[EventDate "2021.??.??"]
[WhiteTeam "Indien"]
[BlackTeam "Indien"]
[WhiteTeamCountry "IND"]
[BlackTeamCountry "IND"]

1. e4 c5 2. Nf3 Nc6 3. d4 cxd4 4. Nxd4 Nf6 5. Nc3 e5 6. Ndb5 d6 7. Bg5 a6 8.
Na3 b5 9. Bxf6 gxf6 10. Nd5 f5 11. c3 Bg7 12. Bd3 Be6 13. Qh5 O-O 14. exf5 Bxd5
15. f6 e4 16. fxg7 Re8 17. Be2 Ne5 18. O-O Qf6 19. Qh3 Ng6 20. Rfd1 b4 21. Nc2
Nf4 22. Qe3 bxc3 23. bxc3 Rac8 24. Nd4 Bc4 25. Bxc4 Rxc4 26. Ne2 Nxe2+ 27. Qxe2
Rxc3 28. Rab1 e3 29. fxe3 Rcxe3 30. Qxa6 Re2 31. Rf1 Qg6 32. Qc6 R8e4 33. Rb8+
Kxg7 34. Qc3+ Re5 35. Qf3 Rxa2 36. Rb7 Rf5 37. Qc3+ Rf6 38. g3 Rc2 39. Qd4 Rc5
40. Rd7 Rcf5 41. Rd1 Rf4 42. Qd5 R4f5 43. Qd4 Rf4 44. Qd5 Rf2 45. Rxd6 Qh6 46.
h4 Qe3 47. Qg5+ Qxg5 48. hxg5 R6f3 49. R6d3 Kg6 50. Rxf3 Rxf3 51. Kg2 Rf5 52.
Rd4 Kxg5 53. Rd8 Rf6 54. Rd5+ Rf5 55. Rd8 h5 56. Rg8+ Kf6 57. Kh3 Rg5 58. Rh8
Kg7 59. Ra8 1/2-1/2

[Event "MTO"]
[Site "?"]
[Date "2021.??.??"]
[Round "2.110"]
[White "Murali Karthikeyan"]
[Black "Raja Harshit"]
[Result "1/2-1/2"]
[WhiteElo "2606"]
[BlackElo "2484"]
[PlyCount "71"]
[EventDate "2021.??.??"]
[WhiteTeam "Indien"]
[BlackTeam "Indien"]
[WhiteTeamCountry "IND"]
[BlackTeamCountry "IND"]

1. d4 Nf6 2. c4 e6 3. Nc3 Bb4 4. e3 b6 5. Nge2 O-O 6. a3 Bxc3+ 7. Nxc3 Bb7 8.
d5 b5 9. e4 d6 10. cxb5 exd5 11. exd5 Nbd7 12. Be2 Re8 13. Bg5 h6 14. Bxf6 Nxf6
15. Qd2 Rb8 16. Rc1 Qd7 17. O-O Nxd5 18. Nxd5 Bxd5 19. Rfe1 Ba8 20. h3 d5 21.
Qd4 Re4 22. Qxa7 Rbe8 23. b6 d4 24. bxc7 d3 25. Rcd1 Rxe2 26. Rxe2 dxe2 27.
Rxd7 e1=Q+ 28. Kh2 Qe5+ 29. Kg1 Qe1+ 30. Kh2 Qe5+ 31. Kg1 Qg5 32. f3 Qc1+ 33.
Kh2 Qf4+ 34. Kg1 Qc1+ 35. Kh2 Qf4+ 36. Kg1 1/2-1/2

[Event "MTO"]
[Site "?"]
[Date "2021.??.??"]
[Round "2.111"]
[White "NR Vignesh"]
[Black "Fedorchuk Sergey"]
[Result "0-1"]
[WhiteElo "2428"]
[BlackElo "2598"]
[PlyCount "54"]
[EventDate "2021.??.??"]
[WhiteTeam "Indien"]
[BlackTeam "Ukraine"]
[WhiteTeamCountry "IND"]
[BlackTeamCountry "UKR"]

1. d4 Nf6 2. c4 e6 3. Nc3 Bb4 4. Qc2 d6 5. Nf3 O-O 6. Bd2 Nbd7 7. a3 Bxc3 8.
Bxc3 Qe7 9. e3 e5 10. Be2 Re8 11. O-O e4 12. Nd2 Nf8 13. d5 Ng4 14. h3 Nh6 15.
Rfe1 Ng6 16. Bf1 Bf5 17. b4 Qg5 18. Kh1 Qh4 19. Nb3 Bd7 20. Na5 Ng4 21. Kg1
N4e5 22. Red1 Bxh3 23. f4 exf3 24. Rd4 Qg5 25. Qf2 Bxg2 26. Bxg2 fxg2 27. Re1
h5 0-1

[Event "MTO"]
[Site "?"]
[Date "2021.??.??"]
[Round "2.112"]
[White "Puranik Abhimanyu"]
[Black "Gschnitzer Adrian"]
[Result "1-0"]
[WhiteElo "2589"]
[BlackElo "2420"]
[PlyCount "87"]
[EventDate "2021.??.??"]
[WhiteTeam "Indien"]
[BlackTeam "Deutschland"]
[WhiteTeamCountry "IND"]
[BlackTeamCountry "GER"]

1. e4 c6 2. Nf3 d5 3. Nc3 Bg4 4. h3 Bxf3 5. Qxf3 e6 6. Be2 Nd7 7. d4 dxe4 8.
Nxe4 Ngf6 9. c3 Nxe4 10. Qxe4 Nf6 11. Qf3 Be7 12. O-O O-O 13. Bc4 Qc7 14. a4 a5
15. Rd1 Bd6 16. g3 e5 17. dxe5 Bxe5 18. Kg2 Rfe8 19. Bg5 h6 20. Be3 Nh7 21. Qf5
Nf8 22. Rd3 Qe7 23. Rad1 Bf6 24. Bb3 Qe4+ 25. Qxe4 Rxe4 26. f4 Rae8 27. Kf3 g5
28. Bc1 Kg7 29. Re3 R4e7 30. Rxe7 Rxe7 31. Be3 b5 32. axb5 cxb5 33. fxg5 hxg5
34. Rd5 a4 35. Bc2 g4+ 36. hxg4 Re5 37. Rxe5 Bxe5 38. Ke4 a3 39. bxa3 Bxc3 40.
Bd4+ Bxd4 41. Kxd4 Ne6+ 42. Kd5 Kf6 43. Bf5 Ng5 44. Kc5 1-0

[Event "MTO"]
[Site "?"]
[Date "2021.??.??"]
[Round "2.114"]
[White "Yuffa Daniil"]
[Black "Haimovich Tal"]
[Result "1-0"]
[WhiteElo "2578"]
[BlackElo "2388"]
[PlyCount "107"]
[EventDate "2021.??.??"]
[WhiteTeam "Russland"]
[BlackTeam "Israel"]
[WhiteTeamCountry "RUS"]
[BlackTeamCountry "ISR"]

1. d4 d5 2. c4 c6 3. Nf3 Nf6 4. g3 Bf5 5. Nc3 e6 6. Nh4 dxc4 7. Bg2 Bb4 8. O-O
O-O 9. a4 Bg6 10. Nxg6 hxg6 11. e3 Nd5 12. Na2 Ba5 13. Rb1 Na6 14. b3 cxb3 15.
Rxb3 Rb8 16. Ba3 Re8 17. Qe2 Nb6 18. Bxc6 bxc6 19. Qxa6 Qd5 20. Rfb1 Nd7 21.
Bb4 Bc7 22. Nc3 Qf3 23. Qxa7 Rec8 24. Qa6 Ra8 25. Qf1 e5 26. e4 Qh5 27. d5 c5
28. Ba3 Ba5 29. Qc4 Nf6 30. Kg2 Bxc3 31. Rxc3 Qg4 32. f3 Qd7 33. Rb5 g5 34. h3
Ne8 35. Qb3 Nd6 36. Rb6 Ra5 37. Qc2 Nb7 38. Bc1 f6 39. Bd2 Ra7 40. Ra3 Nd6 41.
g4 Rcc7 42. Ra1 Kf7 43. a5 c4 44. Be3 Ra8 45. a6 c3 46. Bf2 Kg6 47. Rb4 Qc8 48.
a7 Rc4 49. Rb3 Qc7 50. Raa3 Qd7 51. Rxc3 Rxc3 52. Rxc3 Nb5 53. Qa4 Qe8 54. Rb3
1-0

[Event "MTO"]
[Site "?"]
[Date "2021.??.??"]
[Round "2.115"]
[White "Schweizer Simon"]
[Black "Wagner Dennis"]
[Result "0-1"]
[WhiteElo "2142"]
[BlackElo "2572"]
[PlyCount "84"]
[EventDate "2021.??.??"]
[WhiteTeam "Japan"]
[BlackTeam "Deutschland"]
[WhiteTeamCountry "JPN"]
[BlackTeamCountry "GER"]

1. e4 e5 2. Nf3 Nc6 3. Bc4 Bc5 4. c3 Nf6 5. d3 d6 6. O-O O-O 7. h3 a5 8. a4 h6
9. Re1 Be6 10. Nbd2 Bxc4 11. dxc4 Qc8 12. Nf1 Qe6 13. b3 Ne7 14. Ng3 Ng6 15.
Qc2 Rfe8 16. Nf5 c6 17. Bd2 d5 18. exd5 cxd5 19. cxd5 Nxd5 20. Rad1 e4 21. N3d4
Bxd4 22. Nxd4 Qe5 23. c4 Ndf4 24. Bxf4 Nxf4 25. h4 Nd3 26. Nb5 Nxe1 27. Rxe1
Rad8 28. Nc3 Rd4 29. Re3 f5 30. Nb5 Rd7 31. Re1 Red8 32. c5 Rd2 33. Qc4+ Qd5
34. Nd6 Qxc4 35. Nxc4 Rc2 36. Nxa5 Rdd2 37. Nxb7 Rxf2 38. b4 Rxg2+ 39. Kh1 Rh2+
40. Kg1 Rhg2+ 41. Kh1 f4 42. Nd6 f3 0-1

[Event "MTO"]
[Site "?"]
[Date "2021.??.??"]
[Round "2.116"]
[White "Dragnev Valentin"]
[Black "Mayrhuber Nikola"]
[Result "1-0"]
[WhiteElo "2569"]
[BlackElo "2062"]
[PlyCount "95"]
[EventDate "2021.??.??"]
[WhiteTeam "Österreich"]
[BlackTeam "Österreich"]
[WhiteTeamCountry "AUT"]
[BlackTeamCountry "AUT"]

1. Nf3 Nf6 2. d4 d5 3. Bf4 c5 4. e3 Nc6 5. Nbd2 e6 6. c3 cxd4 7. exd4 Nh5 8.
Be3 Bd6 9. Bd3 Nf4 10. Bxf4 Bxf4 11. O-O O-O 12. Re1 Qb6 13. b4 Ne7 14. Nb3 Qd6
15. g3 Bh6 16. h4 g6 17. h5 b6 18. Kg2 f5 19. hxg6 hxg6 20. Qe2 Kg7 21. Rad1
Bd7 22. Qe5+ Qxe5 23. Nxe5 Be8 24. c4 dxc4 25. Bxc4 Nd5 26. Bxd5 exd5 27. f4 g5
28. Rc1 gxf4 29. Rc7+ Kf6 30. Rh1 Bg5 31. Nd2 fxg3 32. Ndf3 f4 33. Re1 a5 34.
Ng4+ Kg6 35. Re6+ Bf6 36. Nxf6 Rxf6 37. Nh4+ Kg5 38. Rg7+ Bg6 39. Rxf6 Kxf6 40.
Rxg6+ Kf7 41. Kf3 axb4 42. Kxf4 Rxa2 43. Rxg3 Re2 44. Nf3 Re4+ 45. Kf5 Ke7 46.
Rg6 Re3 47. Ne5 Re4 48. Rxb6 1-0

[Event "MTO"]
[Site "?"]
[Date "2021.??.??"]
[Round "2.117"]
[White "Seul Georg"]
[Black "Donchenko Alexander"]
[Result "1-0"]
[WhiteElo "2372"]
[BlackElo "2652"]
[PlyCount "143"]
[EventDate "2021.??.??"]
[WhiteTeam "Deutschland"]
[BlackTeam "Deutschland"]
[WhiteTeamCountry "GER"]
[BlackTeamCountry "GER"]

1. e4 e5 2. Bc4 Nf6 3. d3 c6 4. Nf3 d5 5. Bb3 a5 6. a4 Bb4+ 7. c3 Bd6 8. exd5
cxd5 9. Bg5 Be6 10. Na3 Nc6 11. Nb5 Bb8 12. d4 e4 13. Nd2 h6 14. Bh4 Ne7 15.
Bxf6 gxf6 16. f3 f5 17. Qe2 Ng6 18. g3 Ra6 19. O-O-O O-O 20. Kb1 Rc6 21. f4 Qf6
22. Nf1 Kh7 23. Ne3 Ne7 24. Rdf1 Rg8 25. Rhg1 Rcc8 26. Ka1 Rcd8 27. Rc1 Rd7 28.
Rcf1 Rdd8 29. Rc1 Rg6 30. Qh5 Rg7 31. Qe2 Qg6 32. Rgd1 Nc6 33. Rd2 h5 34. Ng2
Qg4 35. Qf2 Ne7 36. Bd1 Qh3 37. Nh4 Ng6 38. Nxg6 Rxg6 39. Be2 h4 40. Rg1 Kg7
41. Na3 hxg3 42. hxg3 Rg8 43. Bf1 Qh6 44. Rg2 Kf8 45. Re2 Qh5 46. Nc2 Qf3 47.
Qe1 Rxg3 48. Rgf2 Qh5 49. c4 b6 50. cxd5 Bd7 51. Ne3 Qh6 52. Nc4 Bxf4 53. Ne5
Bxa4 54. d6 e3 55. d7 Ke7 56. Rh2 Qd6 57. Nc4 Qb4 58. Qf2 Qxc4 59. Qxf4 Qc1+
60. Ka2 Qc4+ 61. Ka1 Kxd7 62. Re1 Qd5 63. Bh3 Rg1 64. Bxf5+ Kc6 65. Rhe2 Rxe1+
66. Rxe1 Re8 67. Rc1+ Kb5 68. Bd3+ Kb4 69. Qc7 Bb3 70. Qxb6+ Ka4 71. Rc5 Qh1+
72. Bb1 1-0

[Event "MTO"]
[Site "?"]
[Date "2021.??.??"]
[Round "2.118"]
[White "Erdos Viktor"]
[Black "Ohler Julius"]
[Result "1-0"]
[WhiteElo "2614"]
[BlackElo "2014"]
[PlyCount "113"]
[EventDate "2021.??.??"]
[WhiteTeam "Ungarn"]
[BlackTeam "Deutschland"]
[WhiteTeamCountry "HUN"]
[BlackTeamCountry "GER"]

1. e4 c6 2. Nf3 d5 3. Nc3 dxe4 4. Nxe4 Nf6 5. Qe2 Nxe4 6. Qxe4 Nd7 7. d4 Nf6 8.
Qd3 g6 9. Be2 Bg7 10. O-O O-O 11. Re1 Bf5 12. Qb3 Qb6 13. c3 Rfe8 14. Bc4 e6
15. Bg5 Nd5 16. h3 h6 17. Bd2 g5 18. a4 Qc7 19. Bf1 Rad8 20. Rad1 Qb6 21. Qa3
Bc2 22. a5 Qc7 23. Rc1 Bf5 24. Ne5 Nf6 25. b4 Ne4 26. Be3 h5 27. f3 Ng3 28. Bc4
f6 29. Bf2 h4 30. Ng4 Kh8 31. Rcd1 Nh5 32. Bf1 Nf4 33. c4 b6 34. Qc3 bxa5 35.
bxa5 Rb8 36. Be3 Red8 37. Nf2 e5 38. dxe5 fxe5 39. Ne4 Bxe4 40. Rxd8+ Rxd8 41.
fxe4 c5 42. Rb1 Qc6 43. Qc2 Kg8 44. Rd1 Rb8 45. Rd2 Rf8 46. Be2 Rb8 47. Bg4 Rb7
48. Rd8+ Kf7 49. Bc8 Rc7 50. Bf5 Bf6 51. Rd2 Ne6 52. Qd1 Ng7 53. Rd5 Qb7 54.
Kh2 Qb4 55. Rd7+ Rxd7 56. Qxd7+ Kf8 57. Qc8+ 1-0

[Event "MTO"]
[Site "?"]
[Date "2021.??.??"]
[Round "2.119"]
[White "Bänziger Fabian"]
[Black "Ammar Sedrani"]
[Result "1-0"]
[WhiteElo "2392"]
[BlackElo "2274"]
[PlyCount "43"]
[EventDate "2021.??.??"]
[WhiteTeam "Schweiz"]
[BlackTeam "Vereinigte Arabische Emirate"]
[WhiteTeamCountry "SUI"]
[BlackTeamCountry "UAE"]

1. Nf3 d5 2. c4 e6 3. d4 Nf6 4. g3 Be7 5. Bg2 O-O 6. O-O Nbd7 7. Qc2 c6 8. Rd1
b6 9. b3 Ba6 10. Nbd2 Rc8 11. e4 c5 12. exd5 exd5 13. Nf1 cxd4 14. Nxd4 b5 15.
Ne3 bxc4 16. Ndf5 cxb3 17. Qb2 Re8 18. axb3 Bb7 19. Rxa7 Bc6 20. Bxd5 Bxd5 21.
Nxd5 Bf8 22. Bg5 1-0

[Event "MTO"]
[Site "?"]
[Date "2021.??.??"]
[Round "2.120"]
[White "Tahay Alexis"]
[Black "Dornieden Jonas"]
[Result "1-0"]
[WhiteElo "2349"]
[BlackElo "2001"]
[PlyCount "73"]
[EventDate "2021.??.??"]
[WhiteTeam "Frankreich"]
[BlackTeam "Schweiz"]
[WhiteTeamCountry "FRA"]
[BlackTeamCountry "SUI"]

1. e4 c5 2. Nf3 Nc6 3. Bb5 g6 4. Bxc6 dxc6 5. d3 Bg7 6. h3 Nf6 7. Nc3 e5 8. Be3
Qd6 9. Qd2 O-O 10. Ne2 b6 11. Bh6 Nh5 12. g4 Nf4 13. Bxg7 Kxg7 14. Nxf4 exf4
15. e5 Qd5 16. Qxf4 f6 17. O-O fxe5 18. Qxe5+ Kg8 19. Qxd5+ cxd5 20. Kg2 d4 21.
Kg3 Bb7 22. Ne5 Rae8 23. f4 g5 24. Rae1 gxf4+ 25. Rxf4 Rxf4 26. Kxf4 Kg7 27. h4
Bd5 28. b3 b5 29. g5 Rf8+ 30. Kg3 Re8 31. h5 c4 32. Nf3 Re3 33. Rxe3 dxe3 34.
Nd4 cxd3 35. cxd3 Bf7 36. Kf4 e2 37. h6+ 1-0

[Event "MTO"]
[Site "?"]
[Date "2021.??.??"]
[Round "2.121"]
[White "Kantor Gergely"]
[Black "Doluhanova Evgeniya"]
[Result "1-0"]
[WhiteElo "2527"]
[BlackElo "2179"]
[PlyCount "81"]
[EventDate "2021.??.??"]
[WhiteTeam "Ungarn"]
[BlackTeam "Ukraine"]
[WhiteTeamCountry "HUN"]
[BlackTeamCountry "UKR"]

1. d4 Nf6 2. c4 e6 3. g3 d5 4. Bg2 Bb4+ 5. Nd2 O-O 6. Ngf3 b6 7. O-O Bb7 8. b3
c5 9. Bb2 cxd4 10. Nxd4 Nc6 11. Nxc6 Bxc6 12. a3 Bc5 13. b4 Be7 14. cxd5 Bxd5
15. e4 Bc6 16. e5 Nd5 17. Ne4 Rc8 18. Qg4 Ba4 19. Nd6 Rc2 20. Bd4 Bxd6 21. exd6
Nf6 22. Qh4 Bc6 23. Bxf6 gxf6 24. Rad1 Bxg2 25. Kxg2 f5 26. Qh6 f6 27. d7 Rc7
28. Qe3 e5 29. Qd3 Rf7 30. Qxf5 Rcxd7 31. Rc1 Kf8 32. b5 Rc7 33. Rfd1 Rcd7 34.
Re1 Rc7 35. Rxc7 Qxc7 36. Rd1 Qc4 37. Rd8+ Kg7 38. h4 Qe2 39. h5 Qxb5 40. Qg4+
Kh6 41. Qe6 1-0

[Event "MTO"]
[Site "?"]
[Date "2021.??.??"]
[Round "2.122"]
[White "Unuk Laura"]
[Black "Gueci Tea"]
[Result "1/2-1/2"]
[WhiteElo "2407"]
[BlackElo "2179"]
[PlyCount "76"]
[EventDate "2021.??.??"]
[WhiteTeam "Slowenien"]
[BlackTeam "Italien"]
[WhiteTeamCountry "SLO"]
[BlackTeamCountry "ITA"]

1. d4 d5 2. c4 e6 3. Nf3 c5 4. cxd5 exd5 5. g3 Nc6 6. Bg2 Nf6 7. O-O c4 8. Nc3
Be7 9. Ne5 O-O 10. Bg5 Be6 11. e3 h6 12. Bxf6 Bxf6 13. f4 Ne7 14. g4 b5 15. f5
Bc8 16. Qf3 Bb7 17. Nxb5 Rb8 18. Qf2 Nc6 19. Nf3 Nb4 20. h4 Re8 21. Qg3 Bc6 22.
g5 hxg5 23. hxg5 Bxb5 24. gxf6 Qxf6 25. Ne5 Rbd8 26. Kh2 Nc2 27. Rac1 Qh6+ 28.
Bh3 Nxe3 29. Rf4 Nxf5 30. Rxf5 Qxc1 31. Rxf7 Qd2+ 32. Kh1 Qh6 33. Rf4 Rf8 34.
Rh4 Qc1+ 35. Kh2 Qd2+ 36. Kh1 Qc1+ 37. Kh2 Qd2+ 38. Kh1 Qc1+ 1/2-1/2

[Event "MTO"]
[Site "?"]
[Date "2021.??.??"]
[Round "2.124"]
[White "Ferster Fabian"]
[Black "Papadiamandis Elliot"]
[Result "0-1"]
[WhiteElo "2143"]
[BlackElo "2363"]
[PlyCount "72"]
[EventDate "2021.??.??"]
[WhiteTeam "Liechtenstein"]
[BlackTeam "Frankreich"]
[WhiteTeamCountry "LIE"]
[BlackTeamCountry "FRA"]

1. c4 Nf6 2. g3 e5 3. Bg2 d5 4. cxd5 Nxd5 5. Nc3 Nb6 6. Nf3 Nc6 7. O-O Be7 8.
a3 O-O 9. b4 Be6 10. Rb1 f6 11. d3 a5 12. b5 Nd4 13. Nd2 Qc8 14. e3 Nf5 15. Qc2
Rd8 16. Bb2 Nd6 17. Rfc1 a4 18. Nde4 Ne8 19. Ne2 Ba2 20. Ra1 Bb3 21. Qc3 Qd7
22. Nc5 Bxc5 23. Qxc5 Qxd3 24. Re1 Nd6 25. Nc1 Qxb5 26. Qxb5 Nxb5 27. Bxb7 Rab8
28. Ba6 Nc4 29. Nxb3 axb3 30. a4 Nbd6 31. Rab1 c5 32. Rec1 Nd2 33. Ra1 c4 34.
Rd1 N6e4 35. Rac1 c3 36. Bxc3 Nxc3 0-1

[Event "MTO"]
[Site "?"]
[Date "2021.??.??"]
[Round "2.125"]
[White "Borner Daniel"]
[Black "J Sai Agni Jeevitesh"]
[Result "0-1"]
[WhiteElo "2133"]
[BlackElo "2322"]
[PlyCount "90"]
[EventDate "2021.??.??"]
[WhiteTeam "Schweiz"]
[BlackTeam "Indien"]
[WhiteTeamCountry "SUI"]
[BlackTeamCountry "IND"]

1. e4 e6 2. d3 d5 3. Qe2 Nc6 4. Nf3 e5 5. c3 a5 6. a4 Nf6 7. Qc2 h6 8. Be2 Bc5
9. Na3 O-O 10. O-O Be6 11. h3 Qd7 12. Kh2 Rad8 13. Nb5 Bb6 14. Bd2 Nh7 15. Be3
Bxe3 16. fxe3 dxe4 17. dxe4 f6 18. b3 Qf7 19. Rab1 Rd7 20. Na3 Qe7 21. Bc4 Rfd8
22. Rbd1 Nf8 23. Bxe6+ Nxe6 24. Nc4 Nc5 25. Nh4 Qe6 26. Nf5 Nxa4 27. Rxd7 Rxd7
28. Nxa5 Nxa5 29. bxa4 Kh7 30. Rd1 g6 31. Nh4 Nc4 32. Qb3 Rxd1 33. Qxd1 Nxe3
34. Qd3 Nc4 35. Qd8 Qf7 36. Qa8 Nd6 37. a5 Kg7 38. Nf3 Qc4 39. Qd8 Nxe4 40.
Qd7+ Qf7 41. Qc8 Nd6 42. Qd8 g5 43. Kg1 Qc4 44. Qd7+ Kg6 45. Qe7 h5 0-1

[Event "MTO"]
[Site "?"]
[Date "2021.??.??"]
[Round "2.126"]
[White "Dordzhieva Dinara"]
[Black "Zimmermann Luc"]
[Result "1/2-1/2"]
[WhiteElo "2311"]
[BlackElo "2151"]
[PlyCount "81"]
[EventDate "2021.??.??"]
[WhiteTeam "Russland"]
[BlackTeam "Niederlande"]
[WhiteTeamCountry "RUS"]
[BlackTeamCountry "NED"]

1. Nf3 Nf6 2. c4 g6 3. g3 Bg7 4. d4 d5 5. cxd5 Nxd5 6. Bg2 Nb6 7. Nc3 Nc6 8. e3
O-O 9. O-O e5 10. d5 e4 11. Nxe4 Qxd5 12. Nd4 Qe5 13. Nxc6 bxc6 14. Qe2 Be6 15.
Rd1 Rab8 16. f4 Qf5 17. Ng5 Bc4 18. Qf2 Rfd8 19. Bd2 Bxb2 20. Rab1 Qc2 21. Be1
Qxf2+ 22. Kxf2 Rxd1 23. Rxd1 Bxa2 24. Bxc6 h6 25. Nf3 Bf6 26. e4 Rd8 27. Rc1
Be6 28. Bb4 Kh7 29. e5 Bg7 30. Ra1 Nd5 31. Bxd5 Rxd5 32. Rxa7 c5 33. Bd2 Bf8
34. Rc7 Rd7 35. Rxd7 Bxd7 36. Ke3 Bc6 37. Ne1 Be7 38. Bc3 h5 39. Nd3 Kg8 40.
Nf2 Kf8 41. Ne4 1/2-1/2